Report. (Record no. 69877)

MARC details
000 -LEADER
fixed length control field 00587cam a22002171 4500
001 - CONTROL NUMBER
control field sa 66005266
003 - CONTROL NUMBER IDENTIFIER
control field DLC
005 - DATE AND TIME OF LATEST TRANSACTION
control field 20260227112248.0
008 - FIXED-LENGTH DATA ELEMENTS--GENERAL INFORMATION
fixed length control field 781108s1965 ii f000 0 eng
010 ## - LIBRARY OF CONGRESS CONTROL NUMBER
LC control number sa 66005266
025 ## - OVERSEAS ACQUISITION NUMBER
Overseas acquisition number PL480:I-E-5896
035 ## - SYSTEM CONTROL NUMBER
System control number (OCoLC)4354910
040 ## - CATALOGING SOURCE
Original cataloging agency DLC
Transcribing agency MH
Modifying agency DLC
042 ## - AUTHENTICATION CODE
Authentication code premarc
050 00 - LIBRARY OF CONGRESS CALL NUMBER
Classification number HD9116.I4
Item number A54
110 1# - MAIN ENTRY--CORPORATE NAME
Corporate name or jurisdiction name as entry element India (Republic).
Subordinate unit Sugar Enquiry Commission.
245 00 - TITLE STATEMENT
Title Report.
260 ## - PUBLICATION, DISTRIBUTION, ETC.
Place of publication, distribution, etc. [Delhi,
Name of publisher, distributor, etc. Ministry of Food and Agriculture, Govt. of India]
Date of publication, distribution, etc. 1965.
300 ## - PHYSICAL DESCRIPTION
Extent 278 p.
Dimensions 23 cm.
650 #0 - SUBJECT ADDED ENTRY--TOPICAL TERM
Topical term or geographic name entry element Sugar trade
Geographic subdivision India.

No items available.

Powered by Koha